|
|
|
|
| LEADER |
02294cas a2200241 a 4500 |
| 001 |
AALejournalIMF020739 |
| 008 |
230101c9999 xx r poo 0 0eng d |
| 020 |
|
|
|c 5.00 USD
|
| 020 |
|
|
|z 9781513507804
|
| 022 |
|
|
|a 1934-7685
|
| 040 |
|
|
|a BD-DhAAL
|c BD-DhAAL
|
| 110 |
2 |
|
|a International Monetary Fund.
|b Western Hemisphere Dept.
|
| 245 |
1 |
0 |
|a Honduras :
|b Staff Report for the 2019 Article IV Consultation and Request for a Stand-By Arrangement and an Arrangement Under the Standby Credit Facility-Press Release; Staff Report; and Statement by the Executive Director for Honduras.
|
| 264 |
|
1 |
|a Washington, D.C. :
|b International Monetary Fund,
|c 2019.
|
| 300 |
|
|
|a 1 online resource (114 pages)
|
| 490 |
1 |
|
|a IMF Staff Country Reports
|
| 500 |
|
|
|a <strong>Off-Campus Access:</strong> No User ID or Password Required
|
| 500 |
|
|
|a <strong>On-Campus Access:</strong> No User ID or Password Required
|
| 506 |
|
|
|a Electronic access restricted to authorized BRAC University faculty, staff and students
|
| 520 |
3 |
|
|a This paper discusses Honduras's 2019 Article IV Consultation and Request for a Stand-By Arrangement and an Arrangement Under the Standby Credit Facility. Supported by a Fund program that expired in December 2017, Honduras has reduced macroeconomic imbalances, institutionalized fiscal prudence, and laid the groundwork for a modern monetary policy framework. The authorities are committed to maintain prudent policies and to build on previous achievements to make progress in solving long-standing issues. The authorities' economic program aims at maintaining macroeconomic stability, while enacting economic and institutional reforms to foster inclusive growth. Honduras needs to foster inclusive growth through reforms and better governance. Policy priorities include: reforms to increase the quality of fiscal policy, sustaining revenue mobilization efforts, protecting investment and social spending, and securing financial sustainability of the public electricity company; and reforms to enhance transparency and governance in the budget.
|
| 538 |
|
|
|a Mode of access: Internet
|
| 830 |
|
0 |
|a IMF Staff Country Reports; Country Report ;
|v No. 2019/236
|
| 856 |
4 |
0 |
|z Full text available on IMF
|u http://elibrary.imf.org/view/journals/002/2019/236/002.2019.issue-236-en.xml
|z IMF e-Library
|